| 000 | 00876nam a2200277 i 4500 | ||
|---|---|---|---|
| 001 | bg | ||
| 245 | 0 | 0 | _aZarządzanie danymi i statystyka w laboratorium. |
| 260 |
_aKraków : _bStatSoft Polska, _c2007 |
||
| 300 |
_a60 s. : _bil. ; _c24 cm. |
||
| 500 | _aMaterialy na seminarium org. przez Stasoft Polskai Inform-TEch w czerwcu 2007 r. w Krakowie. | ||
| 504 | _aBibliogr. przy niektórych ref. | ||
| 650 | 9 |
_aLaboratoria _xbaza danych |
|
| 650 | 9 |
_aLaboratoria _xzarządzanie |
|
| 650 | 9 |
_aPomiary _xkomputeryzacja |
|
| 650 | 9 |
_aStatistica (informat.) _xstosowanie |
|
| 655 | _aMateriały konferencyjne | ||
| 020 | _a9788388724336 | ||
| 040 | _cBPK | ||
| 041 | 0 | _apol | |
| 044 | _aPOL | ||
| 080 | _a531.7:004.42:005.52](06) | ||
| 920 | _a978-88724-33-6 | ||
| 942 | _cKS | ||
| 008 | s pl f |000 0 pol | ||
| 999 |
_c54470 _d54470 |
||
| 856 |
_uhttp://koha.tu.koszalin.pl/cgi-bin/koha/opac-detail.pl?biblionumber=54470 _yKatalog online BPK |
||